书目信息 |
| 题名: |
美语会话基本句型
|
|
| 作者: | 苏雅敏 , 斯科特 著 | |
| 分册: | ||
| 出版信息: | 北京 中国大百科全书出版社 2000.06 |
|
| 页数: | 279页 | |
| 开本: | 64开 | |
| 丛书名: | ||
| 单 册: | ||
| 中图分类: | H319.9 | |
| 科图分类: | ||
| 主题词: | 英语 | |
| 电子资源: | ||
| ISBN: | 7-5000-6353-9 | |
| 000 | 00608nam0 2200205 45 | |
| 001 | 0009021186 | |
| 005 | 20000902114426.0 | |
| 010 | @a7-5000-6353-9@d7.00元 | |
| 100 | @a20000902d2000 km y0chiy0120 ea | |
| 101 | 0 | @achi |
| 105 | @a z 000yy | |
| 200 | 1 | @a美语会话基本句型@AMei Yu Hui Hua Ji Ben Ju Xing@f苏雅敏,斯科特(美)合著@FSu Ya Min,Si Ke Te(Mei)He Zhu |
| 210 | @a北京@c中国大百科全书出版社@d2000.06 | |
| 215 | @a279页@d64开 | |
| 606 | 0 | @a英语 |
| 690 | @aH319.9@v3 | |
| 701 | 0 | @a苏雅敏@4著 |
| 701 | 0 | @a斯科特@b美合@4著 |
| 801 | @aCN@bPftUser@c20000902 | |
| 905 | @b114771-775@dH319.9@eS543/5@f5 | |
| 美语会话基本句型/苏雅敏,斯科特(美)合著.-北京:中国大百科全书出版社,2000.06 |
| 279页;64开 |
| ISBN 7-5000-6353-9:7.00元 |
| ● |
| 相关链接 |
|
|
|
正题名:美语会话基本句型
索取号:H319.9/S543/5
 
预约/预借
| 序号 | 登录号 | 条形码 | 馆藏地/架位号 | 状态 | 备注 |
| 1 | 114771 | 201147712 | 语言库209/209语言库 107排1列5层/ [索取号:H319.9/S543/5] | 在馆 | |
| 2 | 114772 | 201147721 | 语言库209/209语言库 107排1列5层/ [索取号:H319.9/S543/5] | 在馆 | |
| 3 | 114773 | 201147730 | 语言库209/209语言库 107排1列5层/ [索取号:H319.9/S543/5] | 在馆 | |
| 4 | 114774 | 201147749 | 语言库209/209语言库 107排1列5层/ [索取号:H319.9/S543/5] | 在馆 | |
| 5 | 114775 | 201147758 | 语言库209/209语言库 107排1列5层/ [索取号:H319.9/S543/5] | 在馆 |